[Event "New Delhi Parsvnath op 10th"]
[Site "New Delhi"]
[Date "2012.01.20"]
[Round "8"]
[White "Shailaindra, K Bajpai"]
[Black "Aleksandrov, Aleksej"]
[Result "1-0"]
[WhiteElo "2253"]
[BlackElo "2612"]
[PlyCount "99"]
[EventDate "2012.01.15"]
[EventType "swiss"]
[EventRounds "11"]
[EventCountry "IND"]
[SourceTitle "CBM 146 Extra"]
[Source "ChessBase"]
[SourceDate "2012.02.29"]
[SourceVersion "1"]
[SourceVersionDate "2012.02.29"]
[SourceQuality "1"]

1. e4 e5 2. Nf3 Nc6 3. Bc4 Bc5 4. c3 Nf6 5. d4 exd4 6. cxd4 Bb4+ 7. Bd2 Bxd2+ 8. Nbxd2 d5 9. exd5 Nxd5 10. Qb3 Nce7 11. 0-0 0-0 12. Rfe1 c6 13. Ne4 h6 14. h3 Qb6 15. Nd6 Qxb3 16. Bxb3 Rd8 17. Rxe7 Nxe7 18. Nxf7 Rf8 19. Nxh6+ Kh7 20. Nf7 Nd5 21. N3e5 Kg8 22. Nd6 Rd8 23. Ndf7 Re8 24. Nd6 Re7 25. f4 Re6 26. Nb5 Re7 27. Nd6 Re6 28. Nb5 Re7 29. Bxd5+ cxd5 30. g4 b6 31. f5 Ba6 32. Nc3 Bb7 33. g5 Rae8 34. Re1 a6 35. Kh2 b5 36. a3 Rc7 37. Rf1 Rxe5 38. dxe5 d4 39. Nd1 Rc2+ 40. Rf2 d3 41. Kg3 Re2 42. e6 Be4 43. f6 gxf6 44. Nc3 Re1 45. gxf6 Bb7 46. Rd2 Rxe6 47. Rxd3 Bc6 48. Kf4 Rxf6+ 49. Ke5 Rh6 50. Rd6 1-0

[Event "New Delhi Parsvnath op 10th"]
[Site "New Delhi"]
[Date "2012.01.19"]
[Round "7"]
[White "Shailaindra, K Bajpai"]
[Black "Sardana, Rishi"]
[Result "1-0"]
[WhiteElo "2253"]
[BlackElo "2026"]
[PlyCount "85"]
[EventDate "2012.01.15"]
[EventType "swiss"]
[EventRounds "11"]
[EventCountry "IND"]
[SourceTitle "CBM 146 Extra"]
[Source "ChessBase"]
[SourceDate "2012.02.29"]
[SourceVersion "1"]
[SourceVersionDate "2012.02.29"]
[SourceQuality "1"]

1. d4 e6 2. g3 Nf6 3. Bg2 d5 4. c4 Be7 5. Nc3 0-0 6. Nf3 dxc4 7. 0-0 Nc6 8. e4 Rb8 9. Qe2 b5 10. Rd1 a6 11. d5 exd5 12. e5 d4 13. exf6 Bxf6 14. Ne4 Bg4 15. Nxf6+ Qxf6 16. Qe4 Bxf3 17. Qxf3 Qxf3 18. Bxf3 Ne5 19. Bg2 Nd3 20. Bf1 Nxc1 21. Raxc1 c5 22. b3 c3 23. b4 Rfd8 24. bxc5 Rbc8 25. Bd3 Rxc5 26. Kf1 g6 27. Re1 Kf8 28. f4 b4 29. Red1 a5 30. Bc2 Rc7 31. Rd3 Re7 32. Ba4 Re3 33. Rxe3 dxe3 34. Rd1 Rd2 35. Rxd2 exd2 36. Ke2 Ke7 37. Kd3 Ke6 38. Kc4 Kf5 39. Bc2+ Ke6 40. Kc5 Ke7 41. Kc6 Ke6 42. g4 f6 43. Bb3+ 1-0

[Event "IND-chB 49th"]
[Site "Aurangabad"]
[Date "2011.06.19"]
[Round "6"]
[White "Palit, Somak"]
[Black "Shailaindra, K Bajpai"]
[Result "1-0"]
[WhiteElo "2372"]
[BlackElo "2219"]
[PlyCount "139"]
[EventDate "2011.06.16"]
[EventType "swiss"]
[EventRounds "13"]
[EventCountry "IND"]
[SourceTitle "CBM 143 Extra"]
[Source "ChessBase"]
[SourceDate "2011.08.29"]
[SourceVersion "1"]
[SourceVersionDate "2011.08.29"]
[SourceQuality "1"]

1. e4 c5 2. Nf3 d6 3. Bc4 Nc6 4. c3 Nf6 5. d3 g6 6. 0-0 Bg7 7. Re1 0-0 8. Bb3 Rb8 9. h3 b5 10. d4 Nd7 11. Be3 Na5 12. Nbd2 Qc7 13. Bc2 Ba6 14. Rc1 Nc4 15. Nxc4 bxc4 16. b3 Rb7 17. Nd2 cxb3 18. axb3 cxd4 19. cxd4 Qb6 20. Nf3 Rc8 21. Ra1 Rbc7 22. Ra2 d5 23. e5 Nb8 24. h4 Nc6 25. Bb1 Nb4 26. Rb2 e6 27. Bd2 Bf8 28. h5 Nc6 29. hxg6 hxg6 30. Ra2 Nb4 31. Rb2 Nd3 32. Bxd3 Bxd3 33. Ba5 Qxa5 34. Qxd3 Rc3 35. Qd1 Qb5 36. Qe2 Qb6 37. Ra1 a5 38. Qd2 R8c7 39. Qf4 Ra7 40. Rab1 Ba3 41. Qh4 Rxf3 42. gxf3 Bxb2 43. Rxb2 Ra8 44. Kg2 Qd8 45. Qf4 Kg7 46. Rb1 Qe7 47. Rh1 Rh8 48. Qf6+ Qxf6 49. exf6+ Kg8 50. Rxh8+ Kxh8 51. Kg3 Kh7 52. Kf4 Kh6 53. Ke5 g5 54. Kd6 Kh5 55. Kd7 e5 56. dxe5 d4 57. e6 d3 58. exf7 d2 59. f8Q d1Q+ 60. Ke8 Qxb3 61. Qf7+ Qxf7+ 62. Kxf7 a4 63. Ke6 a3 64. f7 a2 65. f8Q a1Q 66. Qf7+ Kh6 67. Qf6+ Qxf6+ 68. Kxf6 Kh5 69. Kf5 Kh6 70. f4 1-0

[Event "IND-chB 48th"]
[Site "Bhiwani"]
[Date "2010.09.17"]
[Round "2"]
[White "Venkatesh, Marani Rajendran"]
[Black "Shailaindra, K Bajpai"]
[Result "1-0"]
[WhiteElo "2410"]
[BlackElo "2171"]
[PlyCount "87"]
[EventDate "2010.09.16"]
[EventType "swiss"]
[EventRounds "13"]
[EventCountry "IND"]
[SourceTitle "CBM 138 Extra"]
[Source "ChessBase"]
[SourceDate "2010.10.29"]
[SourceVersion "1"]
[SourceVersionDate "2010.10.29"]
[SourceQuality "1"]

1. Nf3 c5 2. e4 d6 3. d4 cxd4 4. Nxd4 Nf6 5. Nc3 g6 6. Be3 Bg7 7. f3 a6 8. Qd2 Nbd7 9. 0-0-0 Qc7 10. Bh6 Bxh6 11. Qxh6 e5 12. Nb3 b5 13. Bxb5 axb5 14. Nxb5 Qb8 15. Nxd6+ Ke7 16. a3 Ra6 17. Nc4 Nb6 18. Ne3 Be6 19. Nc5 Ra5 20. Nxe6 Kxe6 21. Rd3 Rd8 22. Rhd1 Rxd3 23. Rxd3 Rc5 24. Qh3+ Ke7 25. Qh4 Nc4 26. Rb3 Qa7 27. Qe1 Nxe3 28. Rxe3 Qa4 29. Qd2 Nd7 30. Kb1 Nb6 31. Rb3 Nc4 32. Qd3 Rc7 33. Ka2 Na5 34. Qa6 Rc4 35. Rb6 Rc6 36. Qa7+ Kf6 37. Rb4 Qxc2 38. Qxa5 Qxg2 39. f4 exf4 40. Qd5 Qc2 41. e5+ Kg7 42. Rxf4 Rc7 43. e6 f6 44. Qd4 1-0

[Event "Mumbai Mayors Cup 1st"]
[Site "Mumbai"]
[Date "2008.05.15"]
[Round "6"]
[White "Shailaindra, K Bajpai"]
[Black "Vishnu, Prasanna V"]
[Result "0-1"]
[WhiteElo "2184"]
[BlackElo "2353"]
[PlyCount "74"]
[EventDate "2008.05.11"]
[EventType "swiss"]
[EventRounds "11"]
[EventCountry "IND"]
[SourceTitle "CBM 124 Extra"]
[Source "ChessBase"]
[SourceDate "2008.07.03"]
[SourceVersion "1"]
[SourceVersionDate "2008.07.03"]
[SourceQuality "1"]

1. e4 c5 2. Nc3 a6 3. g3 b5 4. Bg2 Bb7 5. d3 e6 6. Be3 Nf6 7. g4 d5 8. exd5 Nxd5 9. Nxd5 Bxd5 10. Bxd5 exd5 11. Qe2 Qe7 12. Qf3 Qd7 13. c4 Nc6 14. cxd5 Nb4 15. Qe4+ Qe7 16. Kf1 0-0-0 17. Rc1 Qxe4 18. dxe4 Nxa2 19. Ra1 Nb4 20. Bd2 Nd3 21. Rxa6 Kb7 22. Ra2 Bd6 23. Ke2 c4 24. Nf3 Bc5 25. Be3 Rhe8 26. Ng5 Bxe3 27. Kxe3 Nc5 28. Kd4 Nb3+ 29. Kc3 h6 30. Nxf7 Rd7 31. Nxh6 gxh6 32. f3 Kb6 33. Re1 Rxd5 34. exd5 Rxe1 35. Ra8 Re3+ 36. Kb4 Nc5 37. Rb8+ Nb7 0-1